Croatian 2010s Music Quiz: Name the Artist - Statistics

General Stats
  • This quiz has been taken 29 times
    28 since last reset
  • The average score is 16 of 30
Answer Stats
Song Release Date Artist % Correct
Bižuterija 2011 Jelena Rozga
95%
Ako te pitaju 2017 Petar Grašo
90%
Italiana 2012 Severina
90%
Dani i godine 2016 Nina Badrić
86%
Maslačak 2011 Magazin
81%
Terca na tišinu 2013 Silente
81%
Opet si pobijedila 2012 Tony Cetinski
76%
Tango 2014 Vatra
76%
Dvi sestre blizanke 2017 Dalmatino
71%
Život nije siv 2016 Mia Dimšić
71%
Gdje to piše? 2016 Oliver Dragojević
71%
Vidi se iz aviona 2017 Domenica
67%
Teške boje 2011 Goran Bare & Majke
67%
Amsterdam 2015 Luka Nižetić
67%
Ne lomi mi srce 2016 Maja Šuput
62%
Suze nam stale na put 2013 Massimo
62%
Pobjeg'o sam 2011 Opća Opasnost
57%
Onako, od oka 2016 Gibonni
52%
Visine 2018 Matija Cvek
52%
Goli i bosi 2015 Elemental
48%
Srce mi umire za njom 2019 Damir Kedžo
33%
Ne diraj moju ljubav 2012 Klapa Šufit
33%
Zadnja želja 2015 Miroslav Škoro
24%
Snijeg 2014 Detour
19%
S tobom 2017 Franka
19%
Čista ljubav 2017 Boris Novković
14%
Nov čovjek 2015 Jacques Houdek
14%
Čuvaj me 2014 Pavel
14%
Zaljuljali smo svijet 2015 Nina Kraljić
10%
Sutra 2010 nipplepeople
10%
No matching quizzes found
Score Distribution
Percent of People with Each Score
Percentile by Number Answered
Your Score History
You have not taken this quiz since the last reset